000 00243nam a2200097Ia 4500
008 240625s9999 xx 000 0 und d
041 _aeng
082 _a808.20 GHO
100 _aGHOSH SHRABANI
245 _aANALYSIS OF FINANCIAL STATEMENT FOR CRED
999 _c37935
_d37935